[Event "FIDE Open"]
[Site "Voronezh"]
[Date "2017.06.14"]
[Round "3.49"]
[White "Asefi, Zaheeruddeen"]
[Black "Sych, Alina"]
[Result "1-0"]
[WhiteElo "1960"]
[BlackElo "1557"]
[Annotator ""]
[Source ""]
[Remark ""]

1.e4 c5 2.c3 e6 3.d4 cxd4 4.cxd4 Nf6 5.Nc3 Bb4 6.Bd3 Nc6 7.a3
Ba5 8.Nge2 O-O 9.O-O Bb6 10.Bc2 d6 11.Kh1 e5 12.Bg5 Bxd4 13.Nxd4
Nxd4 14.Nd5 Kh8 15.f4 Bg4 16.Qd2 Rc8 17.Bd3 Nb3 18.Qf2 exf4 19.Qh4
Kg8 20.Nxf6+ gxf6 21.Bxf6 Qxf6 22.Qxf6 Nxa1 23.Rxa1 h5 24.e5
Rfd8 25.Qh6 f5 26.e6 Rc7 27.Qg5+ 1-0

[Event "FIDE Open"]
[Site "Voronezh"]
[Date "2017.06.14"]
[Round "3.50"]
[White "Belov, Yury"]
[Black "Bukatin, Arseny"]
[Result "0-1"]
[WhiteElo "1567"]
[BlackElo "1883"]
[Annotator ""]
[Source ""]
[Remark ""]

1.d4 d5 2.f3 Nf6 3.g4 h6 4.h4 Qd6 5.Nh3 Qg3+ 6.Nf2 Bxg4 7.Be3
Bf5 8.Qd2 Qd6 9.Nc3 c6 10.O-O-O e6 11.Bf4 Qd8 12.e4 Bg6 13.exd5
Nxd5 14.Nxd5 cxd5 15.Bxb8 Qxb8 16.Bb5+ Kd8 17.Ng4 Bd6 18.Kb1
Qc7 19.Ba4 Rb8 20.h5 Bh7 21.Rhf1 b5 22.Bb3 a5 23.a3 a4 24.Ba2
b4 25.axb4 Bxb4 26.Qf2 Bc3 27.b3 axb3 28.Qh2 bxa2+ 29.Kxa2 Qa5# 0-1

[Event "FIDE Open"]
[Site "Voronezh"]
[Date "2017.06.14"]
[Round "3.51"]
[White "Moiseeva, Polina"]
[Black "Shilo, Kirill"]
[Result "1-0"]
[WhiteElo "1547"]
[BlackElo "1882"]
[Annotator ""]
[Source ""]
[Remark ""]

1.e4 c5 2.Nc3 Nc6 3.f4 d6 4.Bb5 Bd7 5.Nf3 a6 6.Bxc6 Bxc6 7.d3
Nf6 8.O-O e6 9.Kh1 Be7 10.Qe1 O-O 11.Qg3 Kh8 12.Bd2 b5 13.a3
a5 14.Nd1 Nd7 15.Bc3 Bf6 16.f5 e5 17.Bd2 h6 18.Qh3 Kg8 19.Qg4
Kh7 20.Qh5 Be7 21.Nf2 Nf6 22.Qh3 Ng8 23.Ng4 Bd7 24.Rf2 f6 25.Nh4
Be8 26.Ne3 Ra7 27.Rf3 Bf7 28.Rg3 Re8 29.Qg4 Bf8 30.Ng6 Bxg6 31.Qxg6+
Kh8 32.Ng4 Qe7 33.Nxh6 Nxh6 34.Bxh6 Qf7 35.Bd2 Qxg6 36.fxg6 Be7
37.Rf1 Kg8 38.Rh3 Bd8 39.Rh7 f5 40.Rxf5 Bf6 41.Rxf6 Rae7 1-0

[Event "FIDE Open"]
[Site "Voronezh"]
[Date "2017.06.14"]
[Round "3.52"]
[White "Stroganov, Andrey"]
[Black "Kuzminykh, Nikita"]
[Result "1-0"]
[WhiteElo "1879"]
[BlackElo "1511"]
[Annotator ""]
[Source ""]
[Remark ""]

1.e4 e5 2.Nf3 Nc6 3.Bc4 Nf6 4.Ng5 d5 5.exd5 b5 6.O-O bxc4 7.dxc6
Bd6 8.Na3 h6 9.Nh3 g5 10.Kh1 Bxa3 11.bxa3 Bxh3 12.gxh3 Qd5+ 13.Kg1
Rb8 14.d3 cxd3 15.Qxd3 Qxd3 16.cxd3 O-O 17.Be3 Rfd8 18.Bxa7 Ra8
19.Bc5 Rxd3 20.Rfd1 Rxh3 21.Be7 Ng4 22.Rac1 Rxh2 23.Rd8+ Rxd8
24.Bxd8 Rxf2 25.Bxc7 f5 26.Bb8 Rb2 27.c7 1-0

[Event "FIDE Open"]
[Site "Voronezh"]
[Date "2017.06.14"]
[Round "3.53"]
[White "Osipyan, Grigor"]
[Black "Vlasova, Zlata"]
[Result "0-1"]
[WhiteElo "1452"]
[BlackElo "1819"]
[Annotator ""]
[Source ""]
[Remark ""]

1.e4 c5 2.Nc3 e6 3.Nf3 a6 4.d4 cxd4 5.Nxd4 Qc7 6.a3 Nf6 7.Be3
b5 8.Bd3 Bb7 9.f3 Be7 10.Nde2 d6 11.O-O Nbd7 12.Qe1 O-O 13.Qf2
Nc5 14.Rac1 Rac8 15.b4 Ncd7 16.f4 Ng4 17.Qg3 Nxe3 18.Qxe3 Rfd8
19.Na2 Qb6 20.Qxb6 Nxb6 21.Nac3 Bf6 22.Nb1 Rd7 23.Rcd1 Nc4 24.e5
Be7 25.exd6 Bf6 26.Bxc4 Rxc4 27.Rd2 g6 28.Rfd1 Bd5 29.Ng3 Rxd6
30.Rd3 Rdc6 31.f5 Rxc2 32.fxe6 fxe6 33.Nd2 Bh4 34.Nde4 Bxg3 35.Nf6+
Kf7 36.Nxd5 Bf2+ 37.Kf1 exd5 38.Rf3+ Rf6 39.Rdd3 Bb6 40.Rxf6+
Kxf6 0-1

[Event "FIDE Open"]
[Site "Voronezh"]
[Date "2017.06.14"]
[Round "3.54"]
[White "Smaleva, Stanislava"]
[Black "Kuzmin, Vitaly"]
[Result "1-0"]
[WhiteElo "1446"]
[BlackElo "1770"]
[Annotator ""]
[Source ""]
[Remark ""]

1.e4 c6 2.d4 d5 3.exd5 cxd5 4.Bd3 Nf6 5.c3 Nc6 6.h3 g6 7.Bf4
Bg7 8.Nd2 Qb6 9.Nb3 a5 10.a4 O-O 11.Nf3 Re8 12.O-O Nd7 13.Re1
e5 14.dxe5 Ndxe5 15.Nxe5 Nxe5 16.Bb5 Re7 17.Qxd5 Be6 18.Qc5 Qxc5
19.Nxc5 b6 20.Bxe5 bxc5 21.Bd6 Rea7 22.Bxc5 Rc7 23.Bd6 Rcc8 24.Bf4
h5 25.Rad1 Bc4 26.Bd7 Rd8 27.Bc6 Rac8 28.Rxd8+ Rxd8 29.Re8+ Rxe8
30.Bxe8 Kf8 31.Bc6 Ke7 32.Bc7 h4 33.Bxa5 1-0

[Event "FIDE Open"]
[Site "Voronezh"]
[Date "2017.06.14"]
[Round "3.55"]
[White "Mikhalenko, Ivan"]
[Black "Karpuzov, Georgiy"]
[Result "0-1"]
[WhiteElo "1137"]
[BlackElo "1755"]
[Annotator ""]
[Source ""]
[Remark ""]

1.e4 e5 2.Nf3 Nc6 3.Bb5 a6 4.Bxc6 dxc6 5.Nxe5 Qd4 6.Ng4 Qxe4+
7.Ne3 Nf6 8.O-O Be6 9.Nc3 Qh4 10.Re1 Bc5 11.g3 Qh3 12.d4 O-O-O
13.Ne2 Bg4 14.Nf4 Rxd4 15.Nxh3 Rxd1 16.Nxd1 Bxh3 17.Bg5 Nd5 18.Nc3
Nxc3 19.bxc3 Bf5 20.Re2 Be6 21.Rd2 Ba3 22.Rad1 f6 23.Be3 Rg8
24.h4 h6 25.Kg2 Bd5+ 26.f3 Re8 27.Kf2 b6 28.Rd4 Bc5 29.c4 Bxd4
30.Rxd4 Bf7 31.c5 b5 32.a3 Bc4 33.Rg4 Re7 34.Rg6 h5 35.g4 hxg4
36.Rxg4 Bd5 37.h5 Kd7 38.h6 g5 39.f4 gxf4 40.Bxf4 Be4 41.Be3
Bxc2 42.Bd4 Ke6 43.Kg3 Rh7 44.Be3 Bf5 45.Rg7 Rxg7+ 46.hxg7 Kf7
47.Bh6 Bh7 48.Bf4 Kxg7 49.Bxc7 Kf7 50.Bd8 Ke6 51.Kf4 Bd3 52.Ke3
Bc4 53.Kd2 Ke5 54.Kc3 f5 55.Kb4 Kd5 56.Ka5 Kxc5 57.Kxa6 b4+ 58.Ka5
bxa3 59.Be7+ Kd4 60.Bxa3 f4 61.Kb6 Bd5 62.Bf8 f3 63.Ba3 Kd3 64.Bc5
Ke2 65.Bg1 f2 66.Bxf2 Kxf2 0-1

[Event "FIDE Open"]
[Site "Voronezh"]
[Date "2017.06.14"]
[Round "3.56"]
[White "Kumakov, Ivan"]
[Black "Smaleva, Veronika"]
[Result "1-0"]
[WhiteElo "1658"]
[BlackElo "1163"]
[Annotator ""]
[Source ""]
[Remark ""]

1.d4 d5 2.Bg5 h6 3.Bh4 c5 4.dxc5 Qa5+ 5.c3 Qxc5 6.Nf3 Nc6 7.e3
a6 8.Nbd2 Bf5 9.Nb3 Qb6 10.Bg3 Qd8 11.Nc5 b5 12.Nd4 Nxd4 13.Qxd4
e6 14.Nxa6 Rc8 15.Bxb5+ Ke7 16.Be5 f6 17.Qa7+ Rc7 18.Bxc7 Kf7
19.Bxd8+ 1-0

[Event "FIDE Open"]
[Site "Voronezh"]
[Date "2017.06.14"]
[Round "3.57"]
[White "Tatarintsev, Mikhail"]
[Black "Rtischev, Maksim"]
[Result "1-0"]
[WhiteElo "1655"]
[BlackElo "1132"]
[Annotator ""]
[Source ""]
[Remark ""]

1.e4 e5 2.Nf3 Nf6 3.Nc3 Bb4 4.d3 Nc6 5.Bg5 d6 6.a3 Bxc3+ 7.bxc3
h6 8.Bh4 g5 9.Bg3 Bg4 10.Be2 O-O 11.h4 Nh5 12.Qd2 Bxf3 13.Bxf3
Nxg3 14.fxg3 Qf6 15.hxg5 Qxg5 16.Qxg5+ hxg5 17.Rh5 f6 18.Kd2
Kg7 19.Rb1 b6 20.Rbh1 Rh8 21.g4 Ne7 22.Kc1 Ng6 23.g3 c5 24.Kb2
Rxh5 25.gxh5 Ne7 26.Bg4 Rf8 27.Bf5 d5 28.Rf1 Nxf5 29.Rxf5 g4
30.exd5 b5 31.Kb3 Re8 32.c4 a6 33.cxb5 axb5 34.c4 e4 35.dxe4
Rxe4 36.cxb5 Re3+ 37.Kc4 Rxg3 38.d6 Kf7 39.b6 Ke6 40.Rxf6+ Kd7
41.b7 Rb3 42.Kxb3 Kc6 1-0

[Event "FIDE Open"]
[Site "Voronezh"]
[Date "2017.06.14"]
[Round "3.1"]
[White "Manukovsky, Vladimir"]
[Black "Lebedev, Mikhail S."]
[Result "0-1"]
[WhiteElo "2200"]
[BlackElo "2041"]
[Annotator ""]
[Source ""]
[Remark ""]

1.c4 f5 2.Nc3 Nf6 3.g3 g6 4.Bg2 Bg7 5.Nh3 d6 6.O-O O-O 7.d3 Nc6
8.e4 e5 9.Bg5 Be6 10.f4 Qd7 11.Nf2 Nd4 12.fxe5 dxe5 13.Qd2 c6
14.Rae1 Nh5 15.exf5 gxf5 16.Ne2 f4 17.Nxd4 Qxd4 18.Re4 Qd6 19.Bh4
Bf5 20.g4 f3 21.gxf5 fxg2 22.Kxg2 Rxf5 23.Kh1 Nf4 24.Rg1 Kh8
25.Bg5 Raf8 26.Bxf4 Rxf4 27.Re2 Bh6 28.Qe1 Qd4 29.Rg2 Rf3 30.Qc3
Be3 31.Qxd4 Bxd4 32.Kg1 Rxd3 33.Kf1 Rd1+ 34.Re1 Rd2 35.Re2 Rd1+
36.Re1 Rxf2+ 37.Rxf2 Rxe1+ 38.Kxe1 Bxf2+ 39.Kxf2 Kg7 40.Kf3 Kf7
41.Ke4 Ke6 42.Ke3 Kf5 43.Kf3 e4+ 44.Ke3 Ke5 45.Ke2 Kd4 46.b3
a5 47.Kd2 a4 48.h3 h6 49.h4 h5 50.Ke2 axb3 51.axb3 Kc3 52.Ke3
Kxb3 53.c5 Kc4 54.Kxe4 Kxc5 0-1

[Event "FIDE Open"]
[Site "Voronezh"]
[Date "2017.06.14"]
[Round "3.2"]
[White "Napalkov, Vladimir"]
[Black "Ponomariov, Timur"]
[Result "0-1"]
[WhiteElo "2031"]
[BlackElo "2196"]
[Annotator ""]
[Source ""]
[Remark ""]

1.d4 Nf6 2.c4 e5 3.dxe5 Ng4 4.Nf3 Bc5 5.e3 Nc6 6.Be2 O-O 7.O-O
Ngxe5 8.Nxe5 Nxe5 9.Nc3 Re8 10.Kh1 a5 11.f4 Ng6 12.e4 Ra6 13.Bd3
Qh4 14.Nd5 Rc6 15.Bd2 b6 16.Be1 Qh6 17.Bc3 Bb4 18.Bxb4 axb4 19.Qf3
Bb7 20.Rae1 Rc5 21.Nxb4 Rh5 22.Qg3 Rh4 23.Nd5 Bxd5 24.exd5 Rxe1
25.Rxe1 Rxf4 26.h3 Nf8 27.Qe3 d6 28.b4 g5 29.Rf1 Ng6 30.Rxf4
Nxf4 31.a4 Qf6 32.Bc2 Kf8 33.Qd2 h5 34.a5 bxa5 35.bxa5 h4 36.Bd1
Qa1 37.Kh2 Qa3 38.Bf3 Qa1 39.c5 Qe5 40.Kh1 dxc5 41.Qf2 Qa1+ 42.Kh2
Qxa5 43.Qb2 Nd3 44.Qh8+ Ke7 45.Be2 c4 46.Bxd3 cxd3 47.Qe5+ Kd7
48.Qf5+ Kd6 49.Qf6+ Kc5 50.Qe7+ Kc4 51.Qe4+ Kc3 52.Qe1+ d2 53.Qe3+
Kb2 54.Qd3 Qc3 55.Qb5+ Kc1 0-1

[Event "FIDE Open"]
[Site "Voronezh"]
[Date "2017.06.14"]
[Round "3.3"]
[White "Arbuzov, Mikhail"]
[Black "Provkin, Vladimir"]
[Result "1/2-1/2"]
[WhiteElo "2022"]
[BlackElo "2163"]
[Annotator ""]
[Source ""]
[Remark ""]

1.d4 Nf6 2.c4 g6 3.f3 d6 4.e4 a6 5.Nc3 Bg7 6.Be3 c6 7.a4 a5 8.Bd3
Na6 9.Nge2 O-O 10.O-O Nd7 11.Qd2 Nb4 12.f4 e5 13.fxe5 dxe5 14.d5
Qe7 15.Bc2 Nf6 16.h3 cxd5 17.cxd5 Bd7 18.Bb3 Ne8 19.d6 Qd8 20.Bg5
Bf6 21.Rxf6 Nxf6 22.Rf1 Qb6+ 23.Be3 Qd8 24.Bg5 Qb6+ 25.Be3 Qd8
26.Bg5 Qb6+ 1/2-1/2

[Event "FIDE Open"]
[Site "Voronezh"]
[Date "2017.06.14"]
[Round "3.4"]
[White "Peschansky, Mikhail"]
[Black "Mikhnenko, Alexander"]
[Result "1/2-1/2"]
[WhiteElo "2162"]
[BlackElo "2019"]
[Annotator ""]
[Source ""]
[Remark ""]

1.c4 c5 2.g3 Nf6 3.Bg2 d5 4.cxd5 Nxd5 5.Nc3 Nc7 6.Nf3 Nc6 7.O-O
e5 8.d3 Be7 9.Nd2 Bd7 10.Nc4 f6 11.Nd5 Nxd5 12.Bxd5 Rc8 13.Be3
Bh3 14.Bg2 Bxg2 15.Kxg2 Qd5+ 16.f3 O-O 17.Qb3 b6 18.Nd2 Qxb3
19.Nxb3 Nd4 20.Bxd4 cxd4 21.Rfc1 Kf7 22.a3 Ke6 23.f4 Kd5 24.Kf3
Bd6 25.Nd2 exf4 26.gxf4 Rxc1 27.Rxc1 g5 28.fxg5 fxg5+ 29.Kg2
Bf4 30.Rc2 Bxd2 31.Rxd2 Rc8 32.Kf3 h5 33.b4 Rc3 34.Ra2 Rb3 35.Kg3
Ke5 36.Ra1 Rb2 37.Kf2 Kf4 38.Rc1 Ra2 39.Rc7 Rxa3 40.Re7 Ra4 41.Re4+
Kf5 42.Rxd4 Ke5 43.Re4+ Kd6 44.h4 g4 45.Rf4 Ke5 46.Rf7 Rxb4 47.Rxa7
Rb5 48.Ke3 Kf5 49.Rh7 Kg6 50.Rb7 Re5+ 51.Kf2 Re6 52.e4 Rf6+ 53.Kg2
Rd6 54.d4 Rxd4 55.Rxb6+ Kf7 1/2-1/2

[Event "FIDE Open"]
[Site "Voronezh"]
[Date "2017.06.14"]
[Round "3.5"]
[White "Yashmetov, Nikolay"]
[Black "Garafutdinov, Ainur"]
[Result "1/2-1/2"]
[WhiteElo "2127"]
[BlackElo "1998"]
[Annotator ""]
[Source ""]
[Remark ""]

1.e4 e5 2.Nf3 Nc6 3.Bb5 Nf6 4.O-O Nxe4 5.Re1 Nd6 6.Nxe5 Be7 7.Bf1
Nxe5 8.Rxe5 O-O 9.d4 Bf6 10.Re1 Nf5 11.d5 g6 12.Nd2 d6 13.Ne4
Be7 14.b3 c6 15.Bb2 cxd5 16.Qxd5 Rb8 17.Rad1 Be6 18.Qd3 d5 19.Qc3
d4 20.Qd2 Rc8 21.Bd3 a5 22.a3 Re8 23.Bb5 Rf8 24.Qe2 Qc7 25.Bd3
Rfd8 26.g3 h6 27.Bc1 Kh7 28.Qf1 Nd6 29.Bf4 Qb6 30.Nd2 Qc5 31.Re5
Qc7 32.Rde1 Qd7 33.Rxe6 fxe6 34.Qh3 Nf7 35.Qxe6 Qxe6 36.Rxe6
Bg5 37.Bxg5 hxg5 38.Re7 Kg7 39.Bc4 Rf8 40.Nf3 Kf6 41.Re6+ Kg7
42.Nxd4 Rfd8 43.Nb5 Rd7 44.Kg2 Rc6 45.Re2 Rf6 46.Nc3 Nd6 47.Nd5
Rf8 48.Nb6 Rc7 49.Re5 Nxc4 50.Nxc4 Rf5 51.Re2 Kf8 52.a4 Rfc5
53.Re6 R5c6 54.Rxc6 Rxc6 55.Nxa5 Rc7 56.Nc4 Kf7 57.Kf3 Re7 58.Ne3
Rd7 59.Ke2 Ke6 60.c4 Ke5 61.b4 Kd4 62.a5 Rh7 63.b5 Rxh2 64.Kf3
Kc5 65.Ng4 Rh8 66.a6 bxa6 67.bxa6 Kd4 68.Ne3 Rf8+ 69.Kg4 Rxf2
70.Nd5 Ra2 1/2-1/2

[Event "FIDE Open"]
[Site "Voronezh"]
[Date "2017.06.14"]
[Round "3.6"]
[White "Moiseenko, Andrey"]
[Black "Khajrutdinov, Ildar"]
[Result "0-1"]
[WhiteElo "2010"]
[BlackElo "2087"]
[Annotator ""]
[Source ""]
[Remark ""]

1.d4 d5 2.c4 c6 3.Nf3 Nf6 4.e3 Bf5 5.Nc3 e6 6.Nh4 Bg4 7.Qb3 Qc7
8.h3 Bh5 9.g4 Bg6 10.Nxg6 hxg6 11.g5 Nfd7 12.f4 Nb6 13.c5 Nc8
14.Qa4 Nd7 15.b4 Ne7 16.Bd3 Nf5 17.Bd2 Be7 18.O-O-O f6 19.gxf6
gxf6 20.Rdg1 Kf7 21.Qc2 Rh6 22.Nd1 b5 23.Kb2 Rah8 24.Nf2 Qc8
25.a4 a6 26.axb5 axb5 27.Ra1 Qb7 28.Ra3 Ra8 29.Rxa8 Qxa8 30.Ra1
Qb7 31.Kc3 Rh8 32.Qa2 Rb8 33.Qa7 Ke8 34.Ra6 Qxa7 35.Rxa7 Kd8
36.e4 Nh4 37.exd5 exd5 38.Ng4 f5 39.Ne5 Nxe5 40.fxe5 Rc8 41.Rxe7
Kxe7 42.Bg5+ Ke6 43.Bxh4 Rh8 44.Bg5 Rxh3 45.Kd2 Rh2+ 46.Kc3 Rg2
47.Bd8 g5 48.Bf1 Rg1 49.Be2 g4 50.Kd2 f4 51.Bg5 f3 52.Bd3 f2
53.Bh4 f1Q 54.Bxf1 Rxf1 55.Ke3 Kf5 0-1

[Event "FIDE Open"]
[Site "Voronezh"]
[Date "2017.06.14"]
[Round "3.7"]
[White "Kholodov, Vladimir"]
[Black "Kozlov, Sergej A."]
[Result "0-1"]
[WhiteElo "1986"]
[BlackElo "2072"]
[Annotator ""]
[Source ""]
[Remark ""]

1.e4 e6 2.d4 d5 3.Nd2 Nc6 4.Ngf3 Nf6 5.e5 Nd7 6.c3 f6 7.exf6
Qxf6 8.Bb5 Bd6 9.O-O O-O 10.Re1 Ne7 11.Qe2 Nb6 12.Ne5 Ng6 13.Ndf3
Bxe5 14.Nxe5 Nxe5 15.dxe5 Qh4 16.b3 Bd7 17.Bd3 Be8 18.Qe3 Bg6
19.Ba3 Rf7 20.Bxg6 hxg6 21.Rad1 Nd7 22.Rd4 Qh5 23.Qg3 Rf5 24.Rh4
Rxe5 25.Rf1 Qf5 26.Rg4 Nf6 27.Rxg6 Nh5 28.Qg4 Kf7 29.Qxf5+ exf5
30.Rg5 Nf4 31.Bc5 Kf6 32.Bd4 Ne2+ 33.Kh1 Nxd4 34.cxd4 Re2 35.f4
Rxa2 36.Re1 Rd2 37.g4 fxg4 38.Ree5 g6 39.Rxg4 Rh8 40.h4 Rxd4
41.Kg2 Rxf4 42.Rxf4+ Kxe5 43.Rf7 Rxh4 44.Rxc7 Rb4 0-1

[Event "FIDE Open"]
[Site "Voronezh"]
[Date "2017.06.14"]
[Round "3.8"]
[White "Filippov, Vladimir"]
[Black "Novikov, Sergey D"]
[Result "1/2-1/2"]
[WhiteElo "1882"]
[BlackElo "2061"]
[Annotator ""]
[Source ""]
[Remark ""]

1.Nf3 Nf6 2.b3 g6 3.Bb2 Bg7 4.c4 O-O 5.g3 c5 6.Bg2 Nc6 7.O-O
b6 8.d3 Bb7 9.Nbd2 e6 10.Ne5 d5 11.Nxc6 Bxc6 12.Nf3 Qe7 13.Qc2
Rfd8 14.Rfd1 d4 15.b4 Ne8 16.b5 Bb7 17.a4 Qc7 18.a5 Rab8 19.axb6
axb6 20.Ra7 Nd6 21.Nd2 Ra8 22.Rda1 Rxa7 23.Rxa7 Rb8 24.Bxb7 Rxb7
25.Ra8+ Rb8 26.Qa4 Rxa8 27.Qxa8+ Qc8 28.Qa1 e5 29.Qa7 Qb7 30.Qxb7
Nxb7 31.Bc1 Kf8 32.Nb3 Ke7 33.Kg2 Ke6 34.f3 f5 35.Bg5 h6 36.Bc1
Nd6 37.h3 g5 38.g4 Kf6 39.Ba3 Nb7 40.gxf5 Kxf5 41.Nd2 Nd6 42.Ne4
Nxe4 43.fxe4+ Kg6 44.Bc1 Bf6 45.Bd2 Bd8 46.Kf3 h5 47.Be1 Be7
48.Bg3 Kf6 49.Bf2 Kg6 50.Be1 Bd8 1/2-1/2

[Event "FIDE Open"]
[Site "Voronezh"]
[Date "2017.06.14"]
[Round "3.9"]
[White "Kondaurov, Yury"]
[Black "Sokolovsky, Victor"]
[Result "1-0"]
[WhiteElo "2046"]
[BlackElo "1896"]
[Annotator ""]
[Source ""]
[Remark ""]

1.Nf3 d5 2.c4 e6 3.g3 Nf6 4.Bg2 Be7 5.O-O O-O 6.b3 c5 7.Bb2 Nc6
8.e3 Qc7 9.Nc3 Rd8 10.Qe2 a6 11.d3 b6 12.Rfd1 Bb7 13.cxd5 exd5
14.d4 Rac8 15.dxc5 Bxc5 16.Rac1 Qe7 17.Na4 Ne4 18.Nh4 Ne5 19.Nxc5
bxc5 20.f4 Ng6 21.Nf5 Qc7 22.Bxe4 dxe4 23.Nxg7 Rd3 24.Nf5 Rcd8
25.Nh6+ Kf8 26.Qc2 Qd6 27.Re1 Ne7 28.Ng4 Rd2 29.Qc3 Qg6 30.Nf2
Qh6 31.Qh8+ Ng8 32.Ba3 f6 33.Rxc5 Kf7 34.Rc7+ R8d7 35.Rec1 Qh5
36.Rxd7+ Rxd7 37.g4 Qh4 38.Rc2 a5 39.Bb2 Ba6 40.Kg2 Kf8 41.h3
Kf7 42.g5 Qh5 43.gxf6 Qg6+ 44.Kh2 Ke8 45.Ng4 h5 46.Ne5 Qh7 47.Nxd7 1-0

[Event "FIDE Open"]
[Site "Voronezh"]
[Date "2017.06.14"]
[Round "3.10"]
[White "Filippov, Ivan"]
[Black "Buyukli, Egor"]
[Result "1/2-1/2"]
[WhiteElo "2041"]
[BlackElo "1749"]
[Annotator ""]
[Source ""]
[Remark ""]

1.d4 Nf6 2.c4 g6 3.Nc3 Bg7 4.e4 O-O 5.f3 c6 6.Bd3 d5 7.cxd5 cxd5
8.e5 Ne8 9.Nge2 f6 10.f4 fxe5 11.dxe5 Nc7 12.O-O Nc6 13.Be3 e6
14.Nb5 Nxb5 15.Bxb5 Bd7 16.Bd3 Rc8 17.a3 Qe7 18.b4 b6 19.Ba6
Rc7 20.Rc1 Bc8 21.Bb5 Bb7 22.Qd2 Rfc8 23.Rc3 Qd8 24.Bxc6 Rxc6
25.Rxc6 Bxc6 26.Nd4 Bd7 27.Rc1 Rc7 28.Rxc7 Qxc7 29.Qc2 Qxc2 30.Nxc2
Kf7 31.Kf2 Bf8 32.Bd2 Ba4 33.Nd4 a5 34.Bc3 axb4 35.axb4 Bd7 36.Ke3
Ke8 37.Be1 Be7 38.h4 Kf8 39.g4 Kf7 40.g5 Kf8 41.Kd3 1/2-1/2

[Event "FIDE Open"]
[Site "Voronezh"]
[Date "2017.06.14"]
[Round "3.11"]
[White "Shishkin, Aleksey A."]
[Black "Zisin, Oleg"]
[Result "1-0"]
[WhiteElo "2191"]
[BlackElo "1870"]
[Annotator ""]
[Source ""]
[Remark ""]

1.c4 Nf6 2.Nc3 e6 3.d4 Bb4 4.e3 b6 5.Bd3 Bb7 6.Nge2 Bxg2 7.Rg1
Be4 8.a3 Bxc3+ 9.Nxc3 Bg6 10.e4 d6 11.Bg5 Nbd7 12.f4 e5 13.dxe5
dxe5 14.f5 Bh5 15.Be2 Bxe2 16.Qxe2 c6 17.O-O-O Qe7 18.Bh4 Rg8
19.Rg3 O-O-O 20.Kc2 Nc5 21.Rdg1 Rd4 22.Rxg7 Rgd8 23.Rg8 Rxg8
24.Rxg8+ Kb7 25.Rg7 Nd3 26.Rxh7 Nf4 27.Qf1 Rd7 28.Rh6 Rd6 29.Ne2
Nxe2 30.Qxe2 Qd8 31.Bxf6 Rxf6 32.Rxf6 Qxf6 33.Qh5 Qg7 34.Kb3
b5 35.cxb5 cxb5 36.Ka2 b4 37.axb4 f6 38.Qe8 Qc7 39.Qb5+ Ka8 40.Qc5 1-0

[Event "FIDE Open"]
[Site "Voronezh"]
[Date "2017.06.14"]
[Round "3.13"]
[White "Makushin, Aleksandr"]
[Black "Maratkanov, Evgeny"]
[Result "0-1"]
[WhiteElo "1753"]
[BlackElo "2145"]
[Annotator ""]
[Source ""]
[Remark ""]

1.e4 e6 2.d4 d5 3.Nd2 dxe4 4.Nxe4 Bd7 5.Nf3 Bc6 6.Bd3 Nd7 7.O-O
Ngf6 8.Nxf6+ Nxf6 9.c3 Be7 10.Ne5 O-O 11.Nxc6 bxc6 12.Bg5 Qd5
13.Bxf6 Bxf6 14.Re1 Rab8 15.Qc2 g6 16.Be4 Qb5 17.Re2 Rfd8 18.b3
c5 19.dxc5 Qxc5 20.Rc1 Rb6 21.g3 Rbd6 22.Kg2 e5 23.b4 Qb6 24.Qb3
Bg5 25.Rce1 Kg7 26.h4 Bh6 27.c4 Rd2 28.a4 f5 29.c5 Qf6 30.Bb1
e4 31.Ba2 R2d3 32.Qb2 Bd2 33.Qxf6+ Kxf6 34.Rb1 Ra3 35.Rb2 Bc3
36.Rb3 Rxb3 37.Bxb3 Bxb4 38.Rc2 c6 39.Kf1 Rd1+ 40.Ke2 Re1# 0-1

[Event "FIDE Open"]
[Site "Voronezh"]
[Date "2017.06.15"]
[Round "4.15"]
[White "Savoskin, Vladimir"]
[Black "Chekletsov, Egor"]
[Result "0-1"]
[WhiteElo "1810"]
[BlackElo "2070"]
[Annotator ""]
[Source ""]
[Remark ""]

1.b3 Nf6 2.Bb2 g6 3.e3 Bg7 4.Nf3 O-O 5.d4 d5 6.Nbd2 Bf5 7.Be2
h6 8.O-O g5 9.Ne5 Nbd7 10.f4 gxf4 11.Rxf4 Bh7 12.Ng4 Nxg4 13.Bxg4
e5 14.dxe5 Nxe5 15.Rb1 Bg6 16.Bf5 Qe7 17.Qe2 Rae8 18.Nf1 c6 19.Kh1
Qg5 20.Ng3 Qe7 21.Nf1 Bxf5 22.Rxf5 Ng6 23.Bxg7 Kxg7 24.Qd2 Qe4
25.Rh5 Kh7 26.Re1 Re6 27.Ng3 Qg4 28.Rf1 Ne5 29.Rf4 Qg6 30.Qe2
Rg8 31.Nf5 Ng4 32.h3 Qxh5 33.Ng3 Qe5 34.Qd3+ Kh8 35.Rxf7 Nf2+
36.Rxf2 Qxg3 37.Qd4+ Qg7 38.Qf4 Ree8 39.Qh4 Re4 40.g4 Qg5 41.Qg3
Rxe3 42.Qg2 Re1+ 0-1

[Event "FIDE Open"]
[Site "Voronezh"]
[Date "2017.06.15"]
[Round "4.16"]
[White "Katkov, Vitaly"]
[Black "Stepanyan, Eva"]
[Result "1/2-1/2"]
[WhiteElo "2054"]
[BlackElo "1856"]
[Annotator ""]
[Source ""]
[Remark ""]

1.d4 Nf6 2.Nf3 e6 3.e3 b6 4.Bd3 Bb7 5.Nbd2 d5 6.O-O Bd6 7.b3
O-O 8.Bb2 Ne4 9.Qe2 Nd7 10.Ne5 f6 11.Nxd7 Qxd7 12.c4 Qe8 13.Rac1
Nxd2 14.Qxd2 Qh5 15.f4 dxc4 16.bxc4 c5 17.Be2 Qg6 18.Bf3 Bxf3
19.Rxf3 Qe4 20.Rd1 Rad8 21.Qf2 Be7 22.f5 e5 23.Re1 Bd6 24.Rh3
Qd3 25.e4 Qxc4 26.Qh4 h6 27.d5 Qxa2 28.Bc1 c4 29.Bxh6 Bc5+ 30.Be3
Bxe3+ 31.Rexe3 Kf7 32.Rhg3 Qb1+ 33.Kf2 Rg8 34.Qh5+ Kf8 35.h4
Qb2+ 36.Kg1 Rc8 37.Qh7 c3 38.Kh2 c2 39.Rxg7 Rxg7 40.Qh8+ Kf7
41.Qxc8 Rxg2+ 42.Kh3 c1Q 43.Qd7+ Kf8 44.Qd8+ Kg7 45.Qe7+ Kg8
46.Qe8+ Kg7 47.Qe7+ Kh8 48.Qf8+ Kh7 1/2-1/2

[Event "FIDE Open"]
[Site "Voronezh"]
[Date "2017.06.15"]
[Round "4.17"]
[White "Egorov, Alexey"]
[Black "Napalkov, Vladimir"]
[Result "0-1"]
[WhiteElo "1794"]
[BlackElo "2031"]
[Annotator ""]
[Source ""]
[Remark ""]

1.e4 c6 2.d4 d5 3.e5 Bf5 4.h4 Qb6 5.g4 Bd7 6.Nc3 e6 7.Na4 Qa5+
8.c3 c5 9.Nxc5 Bxc5 10.dxc5 Qxc5 11.Be3 Qc7 12.f4 Nc6 13.Nf3
Nge7 14.Bd3 Na5 15.Qe2 Nc4 16.O-O h5 17.g5 g6 18.Nd4 a6 19.Rac1
O-O 20.Bf2 b5 21.b3 Na5 22.b4 Nc4 23.Nb3 Nc6 24.Bc5 Rfe8 25.Nd4
Nxd4 26.Bxd4 a5 27.Bc5 Ra6 28.Rf2 Bc6 29.a4 bxa4 30.Bxc4 dxc4
31.Qxc4 Bb7 32.b5 Rb6 33.Qd4 Rxb5 34.Bd6 Qc6 35.Kh2 Qd5 36.Qe3
Rb8 37.Qd4 Rb3 38.Ra2 a3 39.Qd2 Rd8 40.Qc2 a4 41.Bxa3 Qf3 42.Bd6
Qxf4+ 43.Kg1 Qg3+ 44.Kf1 Ba6+ 45.c4 Rf3+ 46.Qf2 Rxf2+ 47.Rxf2
Bxc4+ 0-1

[Event "FIDE Open"]
[Site "Voronezh"]
[Date "2017.06.15"]
[Round "4.18"]
[White "Gerasimov, Vadim"]
[Black "Moiseenko, Andrey"]
[Result "0-1"]
[WhiteElo "1713"]
[BlackElo "2010"]
[Annotator ""]
[Source ""]
[Remark ""]

1.e4 c5 2.Nf3 d6 3.d4 cxd4 4.Nxd4 Nf6 5.f3 g6 6.c4 Bg7 7.Nc3
O-O 8.Be3 Nc6 9.Qd2 Bd7 10.Be2 Nxd4 11.Bxd4 Bc6 12.O-O Nd7 13.Be3
a5 14.b3 Nc5 15.Rab1 Qb6 16.Rfc1 Rfc8 17.Rc2 Qb4 18.Nd5 Bxd5
19.exd5 Qxd2 20.Rxd2 b6 21.Rc2 Nd7 22.Rbc1 h5 23.Kf2 Kh7 24.g3
Rab8 25.Bf1 Bh6 26.f4 Bg7 27.Kf3 f5 28.h3 Nf6 29.Bd3 b5 30.cxb5
Rxc2 31.Rxc2 Nxd5 32.Bd2 e5 33.Bc4 e4+ 34.Ke2 Nb4 35.Bxb4 axb4
36.Rd2 Rb6 37.Ke3 Bc3 38.Rd1 Kg7 39.Ke2 Kf6 40.h4 Ke7 41.Kf2
Rb8 42.Rd5 Ra8 43.b6 Rb8 44.Ra5 Bd4+ 45.Ke2 Bxb6 46.Ra6 Bc5 47.Bd5
Rf8 48.Ra8 Rxa8 49.Bxa8 Ke6 50.Bb7 d5 51.Bc6 d4 52.Be8 d3+ 0-1

[Event "FIDE Open"]
[Site "Voronezh"]
[Date "2017.06.15"]
[Round "4.19"]
[White "Moshkin, Mikhail"]
[Black "Kholodov, Vladimir"]
[Result "1/2-1/2"]
[WhiteElo "1671"]
[BlackElo "1986"]
[Annotator ""]
[Source ""]
[Remark ""]

1.e4 c5 2.c3 e6 3.d4 d5 4.e5 Nc6 5.Nf3 Nge7 6.Bd3 Qb6 7.O-O Bd7
8.Bc2 cxd4 9.cxd4 Nb4 10.Ba4 Bxa4 11.Qxa4+ Nec6 12.a3 Nd3 13.Nc3
Nxc1 14.Raxc1 Be7 15.b4 O-O 16.Qd1 Rac8 17.Qd3 a5 18.Na4 Qa7
19.b5 Nb8 20.Rc3 Nd7 21.Rfc1 Rxc3 22.Qxc3 Nb6 23.Nxb6 Qxb6 24.a4
Qd8 25.Qc7 b6 26.Qb7 g5 27.h3 h5 28.Rc7 g4 29.Rxe7 gxf3 30.gxf3
Kh8 31.Kh2 Kg7 32.Qc7 Qxc7 33.Rxc7 Rb8 34.f4 Kg6 35.Rc6 Kf5 36.Rc7
Kxf4 37.Rxf7+ Ke4 38.Re7 Kxd4 39.Rxe6 Ke4 40.Rh6 d4 41.e6 Re8
42.e7 Rxe7 43.Rxb6 Rd7 44.Re6+ Kd3 45.b6 Rb7 46.f4 Kc4 47.Kg2
d3 48.Kf2 Kb3 49.Ke3 Rd7 50.b7 Rxb7 51.Kxd3 Kxa4 52.f5 Rb3+ 53.Ke4
Rxh3 54.f6 Rh1 55.Re5 Re1+ 56.Kf4 Rf1+ 57.Kg5 h4 58.Re4+ Kb3 1/2-1/2

[Event "FIDE Open"]
[Site "Voronezh"]
[Date "2017.06.15"]
[Round "4.20"]
[White "Neklyudov, Taras"]
[Black "Rozmetov, Aybek"]
[Result "0-1"]
[WhiteElo "1550"]
[BlackElo "1978"]
[Annotator ""]
[Source ""]
[Remark ""]

1.e4 e5 2.Nf3 Nc6 3.c3 d5 4.Qa4 Qd6 5.d3 Bd7 6.Qb3 dxe4 7.dxe4
O-O-O 8.Be2 Qg6 9.Kf1 Be6 10.Qc2 Be7 11.h4 h5 12.Ng5 Bd7 13.b4
Nh6 14.a4 f5 15.a5 fxe4 16.b5 Nb8 17.Be3 Bf5 18.Bxa7 e3 19.Qc1
exf2 20.b6 Bd3 21.Ra2 Bxb1 22.bxc7 Kxc7 23.Bb6+ Kc8 24.Bxd8 Rxd8
25.Rb2 Bd3 26.Rh3 Ng4 27.Rd2 Bxe2+ 28.Rxe2 Qd6 29.g3 Qd1+ 30.Qxd1
Rxd1+ 31.Kg2 f1Q# 0-1

[Event "FIDE Open"]
[Site "Voronezh"]
[Date "2017.06.15"]
[Round "4.21"]
[White "Kasantsev, Anatolij B."]
[Black "Mezhov, Dmitriy"]
[Result "0-1"]
[WhiteElo "1961"]
[BlackElo "1809"]
[Annotator ""]
[Source ""]
[Remark ""]

1.d4 Nf6 2.c4 g6 3.Nc3 d5 4.cxd5 Nxd5 5.Bd2 Bg7 6.e4 Nb6 7.Be3
O-O 8.h3 e5 9.d5 f5 10.Nf3 h6 11.Nd2 N8d7 12.f3 Nf6 13.Qb3 Kh8
14.g4 fxe4 15.fxe4 Nfxd5 16.Nxd5 Qh4+ 17.Kd1 Bxg4+ 18.Kc2 Be6
19.Bxb6 cxb6 20.Bc4 Rac8 21.Rae1 Rf2 22.Kd1 Bxd5 23.Bxd5 Qh5+ 0-1